000
00388nam a22001577a 4500
003
MPLRDC
005
20220104142446.0
008
210129b ||||| |||| 00| 0 eng d
082
_a
857.457 FJ
100
_a
溥佳、毓唐著
245
_a
满洲王朝秘辛
_c
260
_a
_b
东西文化事业出版公司
_c
300
_b
平
650
_a
历史小说
942
_c
BK
_o
857.457 FJ
999
_c
31064
_d
31054